The British language in its lustre, or, A copious dictionary of Welsh and English : containing many more British words than are in Mr. Davies's Antiquae lingue Britannicae dictionarium duplex ... /

Bibliographic Details
Main Author: Jones, Thomas, 1648-1713
Format: eBook
Language:English
Published: Printed and sold in London : By Mr. Lawrence Baskervile ... and Mr. John Marsh ..., 1688.
Series:Early English books online.
Subjects:
Online Access:Connect to the full text of this electronic book

MARC

Tag First Indicator Second Indicator Subfields
LEADER 00000nam a2200000Ia 4500
001 in00004300813
005 20200810083009.0
006 m g d
007 cr bn |||a|bb|
008 860529s1668 enk o 00| | eng d
035 |a (OCoLC)13660079 
040 |a EAA  |c EAA  |d m/c  |d WaOLN 
037 |a CL0037000024  |b ProQuest Information and Learning. 300 N. Zeeb Rd., Ann Arbor, MI 48106 
041 0 |a engwel 
049 |a UMIA 
100 1 |a Jones, Thomas,  |d 1648-1713. 
245 1 4 |a The British language in its lustre, or, A copious dictionary of Welsh and English :  |b containing many more British words than are in Mr. Davies's Antiquae lingue Britannicae dictionarium duplex ... /  |c compiled by the great pains and industry of Tho. Jones. 
260 |a Printed and sold in London :  |b By Mr. Lawrence Baskervile ... and Mr. John Marsh ...,  |c 1688. 
300 |a 1 online resource ([343] pages) 
336 |a text  |b txt  |2 rdacontent 
337 |a computer  |b c  |2 rdamedia 
338 |a online resource  |b cr  |2 rdacarrier 
500 |a Added t.p. in Welsh: Y Gymraeg yn ei disgleirdeb ... 
500 |a Reproduction of original in Bodleian Library. 
510 4 |a Wing  |c J997 
533 |a Electronic reproduction.  |b Ann Arbor, Mich. :  |c UMI,  |d 1999-  |f (Early English books online)  |n Digital version of: (Early English books, 1641-1700 ; 792:1)  |7 s1999 miun s 
650 0 |a Welsh language  |v Dictionaries  |x English. 
740 0 |a Copious dictionary of Welsh and English. 
740 0 |a Gymraeg yn ei disgleirdeb. 
830 0 |a Early English books online. 
856 4 0 |u http://proxy.library.tamu.edu/login?url=https://search.proquest.com/docview/2240851935  |z Connect to the full text of this electronic book  |t 0 
999 f f |s 976b3791-2b79-3e15-96b7-1948fc54331d  |i 470bd82e-c5b9-3604-91b2-9e0f1aa7eeb0  |t 0 
952 f f |a Texas A&M University  |b College Station  |c Electronic Resources  |d Available Online  |t 0  |h No information provided 
998 f f |t 0  |l Available Online